000 01353nam a22003970a 4500
001 PT20067
003 AR-LpoUNG
005 20210131232911.0
008 191001s1972||||mx |||||||||||||||||spa d
040 _aAR-LpoUNG
_bspa
_cAR-LpoUNG
_eaacr
041 _aspa
044 _amx
082 0 _a980.036 665ali
100 1 _aLevinson, Jerome
245 1 3 _aLa alianza extraviada :
_bun informe crítico sobre la alianza para el progreso
250 _a1ª edición
260 _aMéxico, D. F. :
_bFondo de Cultura Económica,
_c1972.
300 _a337 p. :
_btbls., gráfs.
520 _aSe propone dar a conocer la historia, desde su concepción y nacimiento hasta su muerte, del famoso programas concebido para la cooperación financiera y técnica de Estados Unidos en América Latina: la Alianza para el Progreso.
650 4 _aAMERICA LATINA
650 4 _aANALISIS HISTORICO
650 4 _aASPECTOS POLITICOS
650 4 _aASPECTOS SOCIALES
650 4 _aDESARROLLO ECONOMICO Y SOCIAL
650 4 _aDESARROLLO REGIONAL
650 4 _aPAISES EN DESARROLLO
650 4 _aPOLITICA DE DESARROLLO
650 4 _aPOLITICA ECONOMICA
650 4 _aRELACIONES INTERNACIONALES
651 4 _aAmérica Latina
653 _aALIANZA PARA EL PROGRESO
653 _aMAES
700 1 _aOnis, Juan de
905 _a20067
942 _cLIB
999 _c18084
_d18084